Logo BPK

Biblioteka

Politechniki Koszalińskiej

Entendre comprendre : (Rekord nr 35272)

Szczegóły MARC
000 -ETYKIETA REKORDU
podpole kontrolne o stałej długości 00433nim a2200157 i 4500
001 - NUMER KONTROLNY REKORDU
pole kontrolne bg
040 ## - ŹRÓDŁO KATALOGOWANIA
Instytucja, która utworzyła rekord BPK
041 0# - KOD JĘZYKA
Kod języka tekstu fra
008 - POLE O STAŁEJ DŁUGOŚCI - DANE KONTROLNE
podpole kontrolne o stałej długości s pl f |000 0 pol
100 1# - NAZWA OSOBOWA
Nazwa osobowa CHARLIAC, Lucile
245 10 - TYTUŁ/ODPOWIEDZIALNOŚĆ
Tytuł Entendre comprendre :
Ciąg dalszy tytułu entraînez-vous : niveau débutant /
Pozostałe elementy strefy tytułu i oznaczenia odpowiedzialności Lucile Charliac, Annie-Claudie Motron.
260 ## - STREFA ADRESU WYDAWNICZEGO
Nazwa wydawcy/dystrybutora CLE,
Data publikacji, dystrybucji/powstania dokumentu cop. 1994.
300 ## - STREFA OPISU FIZYCZNEGO
Objętość 2 kasety dźw.
700 1# - HASŁO DODATKOWE - NAZWA OSOBOWA
Nazwa osobowa MOTRON, Annie-Claudie
856 ## - LOKALIZACJA I DOSTĘP DO ELEKTRONICZNYCH DOKUMENTÓW ZDALNYCH
Link (URL) http://koha.tu.koszalin.pl/cgi-bin/koha/opac-detail.pl?biblionumber=35272
Tekst linku Katalog online BPK
942 ## - DODATKOWE ELEMENTY (KOHA)
Typ dokumentu Kaseta magnetofonowa
Egzemplarze
Wycofany Status egzemplarza Uszkodzony Dostępność Lokalizacja stała Lokalizacja bieżąca Miejsce przechowywania Sygnatura Kod kreskowy Typ dokumentu
      Tylko na miejscu Biblioteka Politechniki Koszalińskiej Biblioteka Politechniki Koszalińskiej Czytelnia Wydziałowa ul. Kwiatkowskiego 6e TM 1058 02385150 Kaseta magnetofonowa
© 2023 Biblioteka Politechniki Koszalińskiej :: KOHA